000 00600nam a22001575i 4500
001 156721
003 ES-MaACL
005 20230906210500.0
008 040721s1874 fr |||| | fre d
040 _aCAM
_bspa
_cCAM
100 1 _aLa Madelene, Henry de.
_9128518
245 1 0 _aContes comtadins
_b: Les fonds perdus, Germain Barbe-Bleue, Jean des Baumes /
_cHenry de la Madelene.
260 _aParis :
_bCharpentier et c\pie\s libraires-éditeurs,
_c1874 (
_fImp. Simon Raçon et comp.)
300 _a296 p. ;
_c19 cm.
852 _aES-MaACL
_jD-2639(2)
_z-- Enc. hol.
_z-- Legado de M. de la Fuente
999 _c156721
_d156721